000
00340nam a2200157Ia 4500
100
_a
Raju/G.S.N
650
_a
EDC
942
_c
BK
366
_f
10
654
_a
circuits
245
_a
Electronic devices and circuits
260
_b
I.K.International
_a
Mumbai
_c
2006
082
_a
621.3815/RAJ
_b
RAJ
300
_a
562
546
_a
ENGLISH
999
_c
22837
_d
22837